The Asian petrochemical industry driving globalgrowth.
| Format: | Book |
|---|---|
| Published: |
London:
Financial Times Energy Publishing,
1996.
|
| Subjects: |
| LEADER | 00479cam a2200157 7i4500 | ||
|---|---|---|---|
| 001 | 0000006115 | ||
| 005 | 19991025090000.0 | ||
| 002 | ##000007774 | ||
| 020 | 0 | 0 | |a 1 85334 461 3 |
| 090 | 0 | 0 | |a ASIA 661.804 |b ASI |
| 245 | 0 | 0 | |a The Asian petrochemical industry driving globalgrowth. |
| 260 | 0 | 0 | |a London: |b Financial Times Energy Publishing, |c 1996. |
| 300 | 0 | 0 | |a 196 p.. |
| 650 | 0 | 0 | |a Petrochemical Industry -- |z Asia |
| 651 | 0 | 0 | |a Asia |
| 999 | |a 0000009090 |b Book |c Open shelf |e Business Information Centre | ||